00933cam a22002773a 450000100060000000300060000600500170001200800410002904000150007004200070008505000070009205000070009910000310010624501130013726000290025050600300027951600200030965300340032965300880036365300240045165300250047570000370050074000470053783000290058485600420061325711PGUSA20140828083543.0080606s2008||||xxu|||||s|||||000 | eng d aPGUSAbeng adc 4aQH 4aLA1 aHaeckel, Ernst,d1834-191910aFreedom in Science and Teaching. :bfrom the German of Ernst Haeckelh[electronic resource] /cErnst Haeckel bProject Gutenberg,c2008 aPublic domain in the USA. aElectronic text aScience -- Study and teaching aVirchow, Rudolf Ludwig Karl, 1821-1902. Freiheit der Wissenschaft im modernen Staat aEvolution (Biology) aTeaching, Freedom of1 aHuxley, Thomas Henry,d1825-18950 aFreie wissenschaft und freie lehr. English 0aProject Gutenbergv2571140uhttp://www.gutenberg.org/ebooks/25711